Bankovnictví a AI aneb jak umělá inteligence mění bankovní sektor
Podľa najnovších prieskumov bude umelá inteligencia zohrávať kľúčovú úlohu počas nasledujúcich dvoch rokov. Výhody umelej inteligencie v sektore bankovníctva. Náklady pre implementáciu umelej inteligencie v bankách. Využitie umelej inteligencie pri optimalizácii zákazníckej podpory v bankách. Využit...
Salvato in:
| Autore principale: | |
|---|---|
| Natura: | Capitolo di libro |
| Lingua: | ceco |
| Soggetti: | |
| Tags: |
Nessun Tag, puoi essere il primo ad aggiungerne!!
|
MARC
| LEADER | 00000naa a2200000 4500 | ||
|---|---|---|---|
| 001 | 0292799 | ||
| 005 | 20240417075238.8 | ||
| 041 | 0 | |a cze | |
| 044 | |a CZ | ||
| 245 | 1 | 0 | |a Bankovnictví a AI aneb jak umělá inteligence mění bankovní sektor |c Daniel Čech |
| 520 | |a Podľa najnovších prieskumov bude umelá inteligencia zohrávať kľúčovú úlohu počas nasledujúcich dvoch rokov. Výhody umelej inteligencie v sektore bankovníctva. Náklady pre implementáciu umelej inteligencie v bankách. Využitie umelej inteligencie pri optimalizácii zákazníckej podpory v bankách. Využitie umelej inteligencie v českých firmách. | ||
| 610 | 2 | 0 | |a bankovníctvo |
| 610 | 2 | 0 | |a banky |
| 610 | 2 | 0 | |a firmy |
| 610 | 2 | 0 | |a inteligencia umelá |
| 610 | 2 | 0 | |a technológie nové |
| 610 | 2 | 0 | |a náklady |
| 610 | 2 | 0 | |a efektívnosť |
| 610 | 2 | 0 | |a klienti |
| 610 | 2 | 0 | |a Česko |
| 100 | 1 | |a Čech, Daniel | |